000 00468nam a22001817a 4500
999 _c20383
_d20383
003 BDDh-ASL
005 20231015025900.0
008 201231s1975 wau||||| |||| 00| 0 eng d
040 _cBDDh-ASL
082 _a297.09
_bHAI
100 1 _92661
_aAbdalati, Hammudah
245 1 0 _aIslam in Focus /
260 _aWashington:
_bAmerican Trust Publications,
_c1975.
300 _a210 p.:
_c23 cm.
504 _aInclude Index
650 0 _91652
_aIslam
942 _2ddc
_cBK